|
|
|
|
| LEADER |
01492nam a22003972a 4500 |
| 001 |
001211855 |
| 003 |
CZ BrMZK |
| 005 |
20120511163320.0 |
| 007 |
ta |
| 008 |
120511s1992 xr a er|||||||||||cze d |
| 015 |
|
|
|a cnb000535444
|
| 020 |
|
|
|a 80-900707-2-8
|q (Sorgend :
|q brož.)
|
| 020 |
|
|
|a 80-900372-3-2
|q (Public :
|q brož.) :
|c Kčs 33,00
|
| 035 |
|
|
|a (OCoLC)188551283
|
| 040 |
|
|
|a ABA001
|b cze
|c ABA001
|
| 043 |
|
|
|a e-xr---
|b e-xr-cc
|2 czenas
|
| 072 |
|
7 |
|a 821.162.3-3
|x Česká próza
|2 Konspekt
|9 25
|
| 080 |
|
|
|a 821.162.3-32
|2 MRF
|
| 080 |
|
|
|a 343.3/.7
|2 MRF
|
| 080 |
|
|
|a (437.31-15)
|2 MRF
|
| 080 |
|
|
|a (0:82-322.4)
|2 MRF
|
| 100 |
1 |
|
|a Čech, Jan
|7 jn19981002527
|4 aut
|
| 245 |
1 |
0 |
|a Vražda na Smutečním vrchu :
|b krimi příběhy, které se skutečně staly /
|c Jan Čech, Jiří Soukup
|
| 250 |
|
|
|a 1. vyd.
|
| 260 |
|
|
|a Plzeň :
|b Sorgend & Public,
|c 1992
|
| 300 |
|
|
|a 142 s. :
|b il. ;
|c 20 cm
|
| 650 |
0 |
7 |
|a trestné činy
|7 ph116480
|z Česko
|2 czenas
|
| 655 |
|
7 |
|a české příběhy
|7 fd133973
|2 czenas
|
| 655 |
|
7 |
|a kriminální příběhy
|7 fd132020
|2 czenas
|
| 651 |
|
7 |
|a Čechy západní (Česko)
|7 ge131656
|2 czenas
|
| 700 |
1 |
|
|a Soukup, Jiří,
|d 1949-
|7 jn20020219006
|4 aut
|
| 856 |
4 |
1 |
|u http://www.digitalniknihovna.cz/mzk/uuid/uuid:0d77bf40-b31a-11e3-9d7d-005056827e51
|y Digitalizovaný dokument
|x NDK
|
| 910 |
|
|
|a BOA001
|b D-0983.708
|
| 990 |
|
|
|a BK
|
| 991 |
|
|
|b 201205
|
| 996 |
6 |
|
|b 2619535595
|c D-0983.708
|l MZK
|r Sklad / do 24 hodin
|n 1
|w 001245570
|u 000010
|a 1
|e BOA001
|j MZK50
|s P
|